|
|
|
|
| LEADER |
00732nab a2200217 i 4500 |
| 001 |
publ33769 |
| 005 |
20250604114135.0 |
| 008 |
250604s1977 hu o 000 eng d |
| 022 |
|
|
|a 0366-0060
|
| 024 |
7 |
|
|a 2328114
|2 mtmt
|
| 040 |
|
|
|a SZTE Publicatio Repozitórium
|b hun
|
| 041 |
|
|
|a eng
|
| 100 |
1 |
|
|a Bálint Gábor Sándor
|
| 245 |
1 |
4 |
|a The effect of ricin on the parathyroid gland
|h [elektronikus dokumentum] /
|c Bálint Gábor Sándor
|
| 260 |
|
|
|c 1977
|
| 300 |
|
|
|a 445-448
|
| 490 |
0 |
|
|a BIOCHEMISTRY AND EXPERIMENTAL BIOLOGY
|v 13 No. 4
|
| 650 |
|
4 |
|a Általános orvostudomány
|
| 700 |
0 |
1 |
|a Karacsony G.
|e aut
|
| 700 |
0 |
1 |
|a Varró Vince
|e aut
|
| 856 |
4 |
0 |
|u http://publicatio.bibl.u-szeged.hu/33769/1/aok_klny_793_77.pdf
|z Dokumentum-elérés
|